000 00386 a2200133 4500
040 _aDLC
_bDLC
082 _a 297.122
100 _a Al-Huda
245 _aAlif Lam Mim: word for word translation of the Quran
_c Al-Huda
260 _aIslamabad:
_bAl-Huda International,
_c2000.
300 _a 68 p. ;
_c27 cm.
650 _a Quran-Ttranslation into English.
942 _cBK
_k 297.122 ALH
_2ddc
999 _c7352
_d7352